Count Konigsmark and "Tom of ten thousand." /

Bibliographic Details
Main Author: Vizetelly, Henry, 1820-1894
Format: Book
Language:English
Published: London : Vizetelly & co., 1890.
Series:People who have made a noise in the world, II
Subjects:

MARC

Tag First Indicator Second Indicator Subfields
LEADER 00000cam a2200000 4500
001 in00000307269
005 20151010143714.0
008 790530s1890 enka 00010ceng d
010 |a  43029148  
035 |a (OCoLC)05015172 
035 |9 ABH5690AM 
040 |a TXA  |c TXA  |d UtOrBLW 
049 |a TXAM  |c [1181221] 
090 |a DL729.K6  |b V59 
100 1 |a Vizetelly, Henry,  |d 1820-1894. 
245 1 0 |a Count Konigsmark and "Tom of ten thousand." /  |c By Henry Vizetelly. 
264 1 |a London :  |b Vizetelly & co.,  |c 1890. 
300 |a 142 pages :  |b illustrations 
336 |a text  |b txt  |2 rdacontent 
337 |a unmediated  |b n  |2 rdamedia 
338 |a volume  |b nc  |2 rdacarrier 
490 0 |a People who have made a noise in the world, II 
600 1 0 |a Konigsmarck, Karl Johan von,  |c grefve,  |d 1659-1686. 
600 1 0 |a Thynne, Thomas,  |d 1648-1682. 
999 |a MARS 
999 f f |s 371c7d18-d413-392b-8028-4b23b150b860  |i 8ec3653d-5e84-3169-a865-46da804d6d2b  |t 0 
952 f f |p ric  |a Texas A&M University  |b Rellis Campus  |c Joint Library Facility  |d Remote Storage  |t 0  |e DL729.K6 V59  |h Library of Congress classification  |i unmediated -- volume  |m A14802012474 
998 f f |a DL729.K6 V59  |t 0  |l Remote Storage